000 00505nam a2200181Ia 4500
001 25189
005 20260414151133.0
008 260414t2016||||xx |||||||||||||| ||spa||
041 _aESP
082 _a346.35
_bCH578
100 _aChunga Lamonja, Fermín G.
_eAUT
245 0 _aComentarios al código de los niños y adolescentes :
_bla infracción penal y los derechos humanos
260 _c2016
300 _a665 páginas :
_c25 cm.
650 _aDER
654 _aCDE
942 _cLIB
_dJUS
_fJUS
_2ddc
_n
999 _c25189
_d25189